000 00494nam a22002057a 4500
005 20251108164752.0
008 250721s2001 xx 000 0 eng d
020 _a1584853395
082 1 4 _aJ/F/COL
100 1 _aColeman, Evelyn
245 1 0 _aCircle Of Fire /
264 _bPleasan company,
_c2001.
300 _a150P.
490 0 _aAMERICAN GIRL
650 1 7 _aFICTION
650 1 7 _aCHILDREN
653 _aناشاون كبار (15-18) سنه
942 _2ddc
_cBK
999 _c13899
_d13899